Statistics for Most streamed Weezer songs

Click here to take the quiz!

General Stats

  • This quiz has been taken 117 times
  • The average score is 8 of 15

Answer Stats

HintAnswer% Correct
224MBuddy Holly
94%
446MIsland In The Sun
94%
294MSay It Ain't So
90%
78MUndone
85%
156MBeverly Hills
78%
83MHash Pipe
65%
41MPork And Beans
63%
57MMy Name Is Jonas
61%
27.6MEl Scorcho
52%
22MPerfect Situation
35%
56MFeels Like Summer
20%
31MThank God For Girls
18%
24MBack To The Shack
17%
27.1MIf You're Wondering If I Want You To
16%
21MKing Of The World
11%

Score Distribution

Percentile by Number Answered

Percent of People with Each Score

Your Score History

You have not taken this quiz